000 01371nam a2200289 a 4500
001 000033121
003 DO-SdBNP
005 20241011133051.0
008 110817s1954 dr r 000 0 spa d
040 _aDO-SdBNP
_bspa
_cBNPHU
082 4 _a327.7293
_bR585d
_222
100 1 _aRio Cañedo, Francisco del
_d1997-1963
_958784
245 1 0 _aDos discursos trascendentales sobre política exterior = Two momentous speeches on foreing policy /
_cFrancisco Del Río Cañedo, Rafael Leónidas Trujillo Molina.
246 1 3 _aTwo momentous speeches on foreing policy
260 _aCiudad Trujillo, República Dominicana :
_bEditora del Caribe,
_c1954.
300 _a33 p. ;
_c23cm.
500 _aTexto en español e inglés
590 _aInventariado, 2018/VM
600 1 4 _aRio Cañedo, Francisco Del,
_d1897-1963
_vEnsayos, conferencias, etc.
_958785
600 1 0 _aTrujillo Molina, Rafael Leónidas,
_d1891-1961
_vEnsayos, conferencias, etc.
_957396
650 4 _aDiscursos presidenciales
_910061
651 4 _aRepública Dominicana
_xPolítica exterior
_yEra de Trujillo, 1930-1961
_vEnsayos, conferencias, etc.
_958787
651 4 _aRepública Dominicana
_xHistoria
_yEra de Trujillo, 1930-1961
_vEnsayos, conferencias, etc.
_912749
700 1 _aTrujillo Molina, Rafael Leónidas,
_d 1891-1961
_976764
910 _aValidado. Control de calidad MFF
942 _2ddc
_cLBS1
999 _c32612
_d32612